[Event "3º Open de Lisboa "]
[Site "Altis Park Hotel - Rua Eng.º A"]
[Date "2015.08.08"]
[Round "1.35"]
[White "GUIA, Artur Solovyov Eloy"]
[Black "SANTOS, Júlio Fernandes Dos"]
[Result "0-1"]
[WhiteElo "1265"]
[BlackElo "1867"]
[PlyCount "146"]
[EventDate "2015.08.08"]

1. e4 e5 2. Nf3 Nc6 3. d4 exd4 4. Bc4 Bc5 5. c3 d3 6. O-O d6 7. Qxd3 Nge7 8.
Bg5 h6 9. Bxe7 Qxe7 10. Re1 Bg4 11. Nbd2 O-O 12. h3 Bh5 13. Qd5 Bg6 14. e5 Na5
15. exd6 Qxd6 16. Qxd6 Bxd6 17. Bb3 Rad8 18. Nc4 Nxb3 19. axb3 a6 20. Nxd6 Rxd6
21. Re7 Rb6 22. Rxc7 Rxb3 23. Ra2 Bb1 24. Ra3 Rxb2 25. Nd4 Ba2 26. Ra4 Re8 27.
f3 Re1+ 28. Kh2 Bd5 29. Rd7 Be6 30. Re7 Kf8 31. Rc7 Rb6 32. Rb4 Rxb4 33. cxb4
b5 34. Ra7 Bc8 35. Ra8 Rc1 36. Nb3 Rc6 37. Nc5 Ke7 38. Ra7+ Kf6 39. Ne4+ Kg6
40. Kg3 Rc4 41. Nd6 Rc6 42. Nxf7 Kf6 43. f4 g5 44. Nxh6 gxf4+ 45. Kxf4 Rc4+ 46.
Kg3 Rxb4 47. Rc7 Be6 48. Rc6 a5 49. Ng4+ Ke7 50. Ra6 a4 51. Ra7+ Kd8 52. Ra8+
Kc7 53. Ra7+ Kb6 54. Rh7 Bb3 55. Rh6+ Ka5 56. Rh7 Rc4 57. Ne5 Rc3+ 58. Kh2 Bd5
59. Ra7+ Kb4 60. Rh7 a3 61. Rh4+ Kb3 62. Rd4 a2 63. Rxd5 a1=Q 64. Rxb5+ Kc2 65.
Nf3 Qa4 66. Re5 Rxf3 67. Rc5+ Rc3 68. Rxc3+ Kxc3 69. g3 Qc2+ 70. Kg1 Kd2 71.
Kf1 Ke3 72. Kg1 Kf3 73. Kh1 Qg2# 0-1

[Event "3º Open de Lisboa "]
[Site "Altis Park Hotel - Rua Eng.º A"]
[Date "2015.08.08"]
[Round "1.36"]
[White "AGUIAR, Carlos Alberto Branc"]
[Black "ENCARNAÇÃO, Filipe Alexandré D"]
[Result "1-0"]
[WhiteElo "1837"]
[BlackElo "1240"]
[PlyCount "55"]
[EventDate "2015.08.08"]

1. e4 e5 2. Nf3 Nc6 3. Bb5 a6 4. Ba4 Nf6 5. O-O Be7 6. Re1 b5 7. Bb3 O-O 8. c3
d5 9. d3 Bg4 10. h3 Bxf3 11. Qxf3 d4 12. c4 Na5 13. Bd2 Nxb3 14. axb3 c5 15.
Bg5 Nd7 16. Bxe7 Qxe7 17. Nd2 Nb6 18. Ra5 b4 19. Rea1 Rfb8 20. Nf1 Qc7 21. Ng3
Rb7 22. Nf5 Kf8 23. Qh5 h6 24. Qg4 f6 25. Qg6 Nc8 26. Qh7 Rb6 27. Qh8+ Kf7 28.
Qxg7+ 1-0

[Event "3º Open de Lisboa "]
[Site "Altis Park Hotel - Rua Eng.º A"]
[Date "2015.08.08"]
[Round "2.1"]
[White "DUANY, Lelys Stanley Martin"]
[Black "LEÃO, Tiago Miguel Da Silv"]
[Result "1-0"]
[WhiteElo "2450"]
[BlackElo "1969"]
[PlyCount "33"]
[EventDate "2015.08.08"]

1. e4 c5 2. Nf3 d6 3. Bb5+ Bd7 4. Qe2 Nc6 5. O-O e5 6. c3 Be7 7. Rd1 Nf6 8. d4
cxd4 9. cxd4 Nxd4 10. Nxd4 exd4 11. Rxd4 Qb6 12. Bxd7+ Nxd7 13. Be3 Bf6 14. e5
Qxd4 15. Bxd4 dxe5 16. Nc3 O-O 17. Be3 1-0

[Event "3º Open de Lisboa "]
[Site "Altis Park Hotel - Rua Eng.º A"]
[Date "2015.08.08"]
[Round "2.2"]
[White "MARTINS, André G Gomes Brito"]
[Black "DIAS, Paulo Jorge Guimarae"]
[Result "1/2-1/2"]
[WhiteElo "2009"]
[BlackElo "2390"]
[PlyCount "84"]
[EventDate "2015.08.08"]

1. Nf3 d5 2. g3 g6 3. Bg2 Bg7 4. O-O e5 5. d3 Nc6 6. Nbd2 Nge7 7. e4 O-O 8.
exd5 Nxd5 9. Nc4 Nb6 10. Bg5 f6 11. Nxb6 axb6 12. Bd2 Be6 13. a3 Qd7 14. Qc1
Bh3 15. Bh6 Bxg2 16. Kxg2 Qd5 17. Bxg7 Kxg7 18. Qd1 Rad8 19. Re1 Rd7 20. Kg1
Rfd8 21. Qe2 b5 22. Qe3 Ne7 23. g4 g5 24. h4 h6 25. h5 Qc6 26. Rac1 Nd5 27. Qe4
Nf4 28. Nd2 Qe6 29. Qf3 f5 30. gxf5 Qxf5 31. Re4 Rf7 32. Rf1 Rdf8 33. Re3 g4
34. Qg3 Qxh5 35. f3 Kh7 36. fxg4 Qg6 37. Rxe5 Qd6 38. Qe3 Nh3+ 39. Kg2 Nf4+ 40.
Kg1 Nh3+ 41. Kg2 Nf4+ 42. Kg1 Nh3+ 1/2-1/2

[Event "3º Open de Lisboa "]
[Site "Altis Park Hotel - Rua Eng.º A"]
[Date "2015.08.08"]
[Round "2.3"]
[White "ROCHA, Sérgio Manuel Colaço"]
[Black "LAVRADOR, Rodolfo Manuel Masca"]
[Result "1-0"]
[WhiteElo "2384"]
[BlackElo "1936"]
[PlyCount "79"]
[EventDate "2015.08.08"]

1. Nf3 Nf6 2. c4 d6 3. d4 Nbd7 4. Nc3 e5 5. e4 Be7 6. Be2 O-O 7. O-O Re8 8. d5
a5 9. b3 Nf8 10. a3 Bd7 11. Ne1 Ng6 12. Nd3 h6 13. Be3 b6 14. b4 axb4 15. axb4
Rxa1 16. Qxa1 Qa8 17. Qb2 Ng4 18. Bxg4 Bxg4 19. Ra1 Qb8 20. f3 Bd7 21. Qa3 Bg5
22. Bf2 f5 23. c5 fxe4 24. fxe4 Nf4 25. Nxf4 exf4 26. c6 Bg4 27. Nb5 Bf6 28.
Re1 Re7 29. Bd4 Bxd4+ 30. Nxd4 Qe8 31. Qd3 Re5 32. h3 Bh5 33. Ne6 Qf7 34. Ra1
g5 35. Ra8+ Kh7 36. Rc8 Rxe6 37. dxe6 Qxe6 38. Rxc7+ Kg8 39. Qd5 Bf7 40. Rxf7
1-0

[Event "3º Open de Lisboa "]
[Site "Altis Park Hotel - Rua Eng.º A"]
[Date "2015.08.08"]
[Round "2.4"]
[White "WESSLEN, Ulf"]
[Black "DIOGO, Vasco André Marçalo"]
[Result "1-0"]
[WhiteElo "1989"]
[BlackElo "2240"]
[PlyCount "97"]
[EventDate "2015.08.08"]

1. e4 c5 2. Nf3 d6 3. d4 cxd4 4. Nxd4 Nf6 5. Nc3 a6 6. Bg5 e6 7. f4 Be7 8. Qf3
h6 9. Bxf6 Bxf6 10. O-O-O Qb6 11. Nb3 Qc7 12. Nd4 Bd7 13. f5 O-O 14. Kb1 Nc6
15. Nce2 Rac8 16. c3 b5 17. Nxc6 Qxc6 18. Nf4 Be5 19. Nd3 exf5 20. Nxe5 dxe5
21. Bd3 fxe4 22. Bxe4 Qe6 23. Rhe1 Kh8 24. Qg3 Rce8 25. h3 f5 26. Bd5 Qe7 27.
Bf3 Be6 28. Bc6 Rc8 29. Bd5 f4 30. Qf3 Bf5+ 31. Ka1 Qf6 32. Be4 Rcd8 33. Rd5
Rxd5 34. Bxd5 Rd8 35. a3 Bg6 36. Be4 Bf7 37. Qf2 Qe6 38. Bb1 Qd5 39. Qe2 Re8
40. Rd1 Qc4 41. Qg4 Qe6 42. Qf3 Bg6 43. Ba2 Qf6 44. Qd5 e4 45. Qd7 e3 46. Bb1
Rf8 47. Rd6 Qe5 48. Rxg6 e2 49. Rxh6+ 1-0

[Event "3º Open de Lisboa "]
[Site "Altis Park Hotel - Rua Eng.º A"]
[Date "2015.08.08"]
[Round "2.5"]
[White "FERREIRA, Luis Pedro Oliveira"]
[Black "STELIAN, Turtã"]
[Result "1-0"]
[WhiteElo "2218"]
[BlackElo "1905"]
[PlyCount "119"]
[EventDate "2015.08.08"]

1. e4 c6 2. d4 d5 3. Nc3 dxe4 4. Nxe4 Nd7 5. Bc4 e6 6. Nf3 Ngf6 7. Ng3 h6 8.
Qe2 Nb6 9. Bd3 Bd6 10. Bd2 Qc7 11. Nf5 Nbd5 12. Nxd6+ Qxd6 13. Ne5 b6 14. Nxc6
Nf4 15. Bxf4 Qxf4 16. Qe5 Qxe5+ 17. Nxe5 O-O 18. O-O Bb7 19. c3 Rfd8 20. Rfe1
Rac8 21. Bf1 Nd5 22. g3 Nf6 23. Bg2 Bxg2 24. Kxg2 Nd7 25. Nxd7 Rxd7 26. Re5
Rcd8 27. Rae1 Rd6 28. f4 Kf8 29. R1e2 R6d7 30. f5 exf5 31. Rxf5 Rc8 32. Rfe5
Rcd8 33. Kf3 Rc8 34. Ke3 Rcd8 35. Kd3 f6 36. Re6 Kf7 37. g4 Kf8 38. Rc6 Kf7 39.
Ree6 Kf8 40. Rc4 Kf7 41. Rec6 Kg6 42. h4 Re7 43. Rc7 Rde8 44. Rxe7 Rxe7 45. d5
f5 46. Rc6+ Kh7 47. d6 Re5 48. gxf5 Rxf5 49. Ke4 Rf1 50. Rc4 Rf7 51. Ke5 Kg6
52. Rg4+ Kh5 53. Rd4 Kg6 54. d7 Rf2 55. d8=Q Rxb2 56. Qe8+ Kh7 57. h5 Re2+ 58.
Re4 Rxa2 59. Qg6+ Kh8 60. Rg4 1-0

[Event "3º Open de Lisboa "]
[Site "Altis Park Hotel - Rua Eng.º A"]
[Date "2015.08.08"]
[Round "2.6"]
[White "GARCIA, António Manuel Da Co"]
[Black "VIELA, André Filipe Folha"]
[Result "0-1"]
[WhiteElo "1957"]
[BlackElo "2186"]
[PlyCount "62"]
[EventDate "2015.08.08"]

1. d4 Nf6 2. c4 g6 3. Nc3 d5 4. e3 Bg7 5. Nf3 O-O 6. Bd3 c5 7. cxd5 cxd4 8.
Nxd4 Nxd5 9. Nde2 Nb4 10. Be4 Qxd1+ 11. Nxd1 Nd7 12. a3 Nc5 13. axb4 Nxe4 14.
f3 Nd6 15. e4 f5 16. Bg5 Rf7 17. exf5 Bxf5 18. Be3 a6 19. Nd4 Nc4 20. Nxf5 gxf5
21. Bc1 Bd4 22. b5 e5 23. bxa6 Rxa6 24. Rb1 Rb6 25. b3 Na5 26. b4 Nc4 27. Ke2
Rc7 28. Nf2 Ra6 29. Nd3 Ra2+ 30. Kf1 e4 31. Bf4 exd3 0-1

[Event "3º Open de Lisboa "]
[Site "Altis Park Hotel - Rua Eng.º A"]
[Date "2015.08.08"]
[Round "2.7"]
[White "SILVA, Miguel A Neto Pires"]
[Black "RODRIGUES, Luis Miguel Bernard"]
[Result "1/2-1/2"]
[WhiteElo "2174"]
[BlackElo "1882"]
[PlyCount "78"]
[EventDate "2015.08.08"]

1. d4 e6 2. c4 Nf6 3. Nf3 Bb4+ 4. Bd2 Qe7 5. g3 b6 6. Bg2 Bb7 7. O-O Bxd2 8.
Nbxd2 d6 9. Qc2 O-O 10. Rac1 Nbd7 11. Nb1 e5 12. Nc3 exd4 13. Nxd4 Bxg2 14.
Kxg2 a5 15. a3 Qe5 16. Rfd1 Rfe8 17. e3 Nc5 18. Ncb5 Rac8 19. b4 axb4 20. axb4
Nce4 21. Nf3 Qh5 22. Rd4 c5 23. bxc5 dxc5 24. Rd6 Rcd8 25. Rxd8 Rxd8 26. Rd1
Rxd1 27. Qxd1 h6 28. h3 g5 29. Nd6 g4 30. hxg4 Qh3+ 31. Kxh3 Nxf2+ 32. Kh4 Nxd1
33. Ne5 Nxe3 34. g5 hxg5+ 35. Kxg5 Kg7 36. Kf4 Nxc4 37. Nexc4 Nh5+ 38. Kf3 Nxg3
39. Kxg3 Kf6 1/2-1/2

[Event "3º Open de Lisboa "]
[Site "Altis Park Hotel - Rua Eng.º A"]
[Date "2015.08.08"]
[Round "2.8"]
[White "NEGRÃO, Alberto Rodolfo A S "]
[Black "FERREIRA, Hugo Miguel Da Costa"]
[Result "1-0"]
[WhiteElo "1927"]
[BlackElo "2133"]
[PlyCount "63"]
[EventDate "2015.08.08"]

1. e4 d5 2. exd5 Qxd5 3. Nc3 Qd6 4. d4 c6 5. Nf3 Nf6 6. h3 Bf5 7. Nh4 e6 8.
Nxf5 exf5 9. Be3 Qe6 10. Qf3 Bb4 11. Bd3 f4 12. Qxf4 Nd5 13. Qg3 Nxc3 14. bxc3
Bxc3+ 15. Ke2 Bxa1 16. Rxa1 O-O 17. Rb1 b6 18. Rb4 Qxa2 19. d5 Qxd5 20. Rh4 g6
21. Qf4 Nd7 22. Qh6 Nf6 23. Bd4 Rfe8+ 24. Kd2 Nh5 25. Bc3 f6 26. Rg4 b5 27. Kc1
Rad8 28. Bxg6 hxg6 29. Rxg6+ Kf7 30. Rxf6+ Kg8 31. Qg6+ Ng7 32. Rf8+ 1-0

[Event "3º Open de Lisboa "]
[Site "Altis Park Hotel - Rua Eng.º A"]
[Date "2015.08.08"]
[Round "2.9"]
[White "PIRES, Emanuel João Robarts"]
[Black "ESPIRITO SANTO, Waldyr"]
[Result "0-1"]
[WhiteElo "2133"]
[BlackElo "1879"]
[PlyCount "136"]
[EventDate "2015.08.08"]

1. e4 e5 2. Bc4 Nf6 3. Nf3 Nc6 4. O-O Bc5 5. b4 Bxb4 6. c3 Be7 7. d4 d6 8. Nbd2
O-O 9. Rb1 h6 10. Qc2 Nd7 11. Re1 Kh8 12. Nf1 Nb6 13. Bd3 Bg4 14. d5 Nb8 15.
Ne3 Bd7 16. Nd2 Qc8 17. Ndf1 Na4 18. g3 Nc5 19. f4 Bf6 20. f5 b6 21. Bc4 Qe8
22. h4 Ba4 23. Qg2 h5 24. g4 Bxh4 25. Re2 g6 26. Qh3 Qe7 27. Ng2 Bf6 28. gxh5
g5 29. Nh2 Nbd7 30. Ng4 Bd1 31. Re1 Bc2 32. Rb2 Bxe4 33. Rf2 Kg7 34. h6+ Kh7
35. Qh5 Rg8 36. Qh3 a6 37. N4e3 b5 38. Bf1 Bd3 39. Kh2 e4 40. Ng4 Ne5 41. Bd2
Bxf1 42. Rfxf1 Qd8 43. Qh5 Qe7 44. N2e3 Nf3+ 45. Rxf3 exf3 46. Nxf6+ Qxf6 47.
Qxf3 Qxh6+ 48. Kg2 g4 49. Qg3 Ne4 50. Nxg4 Nxg3 51. Nxh6 Rg7 52. Kf3 f6 53. Rg1
Nxf5 54. Ng4 Rf8 55. Rh1+ Kg6 56. Kf4 Re8 57. Rg1 Ne7 58. Ne5+ Kh7 59. Rh1+ Kg8
60. Ng4 Nxd5+ 61. Kf3 Rg6 62. Nh6+ Kg7 63. Nf5+ Kg8 64. Nh6+ Kf8 65. Nf5 Re5
66. Rh8+ Rg8 67. Rh5 Ne7 68. Bh6+ Kf7 0-1

[Event "3º Open de Lisboa "]
[Site "Altis Park Hotel - Rua Eng.º A"]
[Date "2015.08.08"]
[Round "2.10"]
[White "CADEIRINHAS, David Eduardo Lou"]
[Black "GUERRA, Vitor Manuel Véstia"]
[Result "0-1"]
[WhiteElo "1877"]
[BlackElo "2119"]
[PlyCount "54"]
[EventDate "2015.08.08"]

1. d4 d5 2. c4 e5 3. dxe5 d4 4. Nf3 Nc6 5. a3 a5 6. g3 Bc5 7. Bg2 Nge7 8. O-O
O-O 9. Bg5 h6 10. Bxe7 Qxe7 11. Nbd2 Bg4 12. Re1 Rfd8 13. Qb3 Bb6 14. Rac1 a4
15. Qc2 Ba5 16. Red1 Bh5 17. b4 axb3 18. Qxb3 Ra7 19. Qb5 Bxd2 20. Rxd2 Bxf3
21. Bxf3 Nxe5 22. a4 Nxf3+ 23. exf3 Qa3 24. Rcd1 Rxa4 25. Qxb7 Rxc4 26. Kg2 c5
27. Re2 Qa8 0-1

[Event "3º Open de Lisboa "]
[Site "Altis Park Hotel - Rua Eng.º A"]
[Date "2015.08.08"]
[Round "2.11"]
[White "GUERREIRO, Nuno Ricardo De Jes"]
[Black "BRAY, José Manuel"]
[Result "1-0"]
[WhiteElo "2106"]
[BlackElo "1873"]
[PlyCount "67"]
[EventDate "2015.08.08"]

1. e4 e6 2. d3 g6 3. Qe2 Bg7 4. g3 c5 5. Bg2 Nc6 6. Nf3 Nge7 7. h4 h5 8. O-O
O-O 9. Re1 b6 10. Nbd2 Ba6 11. Nf1 Rc8 12. c3 d5 13. e5 Nf5 14. Bf4 b5 15. N1h2
b4 16. Kh1 Qa5 17. Qc2 d4 18. c4 Nh6 19. Ng5 Qc7 20. Qe2 Ne7 21. Ne4 Nef5 22.
Nf3 Ng4 23. Neg5 Bb7 24. Kg1 Qe7 25. Bh3 Nfh6 26. Ne4 Bxe4 27. Qxe4 Qc7 28. Qe2
Nf5 29. Bxg4 hxg4 30. Nh2 Nh6 31. Nxg4 Nxg4 32. Qxg4 Kh7 33. h5 Rce8 34. Kg2
1-0

[Event "3º Open de Lisboa "]
[Site "Altis Park Hotel - Rua Eng.º A"]
[Date "2015.08.08"]
[Round "2.12"]
[White "MONTGOMERY, Jan Elkjaer Frants"]
[Black "AGUIAR, Carlos Alberto Branc"]
[Result "1/2-1/2"]
[WhiteElo "2082"]
[BlackElo "1837"]
[PlyCount "84"]
[EventDate "2015.08.08"]

1. e4 e5 2. Nf3 Nc6 3. Bb5 a6 4. Ba4 Nf6 5. O-O b5 6. Bb3 Be7 7. Re1 d6 8. c3
O-O 9. h3 Na5 10. Bc2 c5 11. d4 Qc7 12. Nbd2 Nc6 13. Nf1 Ne8 14. Ne3 g6 15. Nd5
Qd8 16. Bh6 Ng7 17. Qd2 f6 18. Rad1 Be6 19. Qe3 Bxd5 20. exd5 cxd4 21. cxd4 Nb4
22. Bb1 a5 23. dxe5 fxe5 24. Ng5 Bxg5 25. Bxg5 Qd7 26. a3 Na6 27. Qb6 Nc5 28.
b4 Ra6 29. bxc5 Rxb6 30. cxb6 Rb8 31. Be3 Nf5 32. Bxf5 gxf5 33. f3 f4 34. Bf2
Rc8 35. Rc1 b4 36. axb4 axb4 37. Rxc8+ Qxc8 38. Rb1 b3 39. Rxb3 Qc1+ 40. Kh2
Qc2 41. Rb5 Qxf2 42. b7 Qg3+ 1/2-1/2

[Event "3º Open de Lisboa "]
[Site "Altis Park Hotel - Rua Eng.º A"]
[Date "2015.08.08"]
[Round "2.13"]
[White "SANTOS, Júlio Fernandes Dos"]
[Black "FIDALGO, André Neves"]
[Result "0-1"]
[WhiteElo "1867"]
[BlackElo "2058"]
[PlyCount "76"]
[EventDate "2015.08.08"]

1. e4 c5 2. Nf3 g6 3. c4 Nc6 4. d4 cxd4 5. Nxd4 Nf6 6. Nc3 d6 7. h3 Nxd4 8.
Qxd4 Bg7 9. Be2 O-O 10. O-O Be6 11. Qd3 Nd7 12. Bf4 Rc8 13. Nd5 Bxb2 14. Rab1
Nc5 15. Qe3 Bg7 16. Rfc1 Re8 17. g4 Qa5 18. Rc2 Bd7 19. Nc3 Bc6 20. e5 Ne6 21.
Bg3 dxe5 22. Rd2 Nd4 23. Bd1 Red8 24. Kf1 Qc5 25. Be2 Rd7 26. Rbd1 Rcd8 27. Ne4
Qa5 28. Bh2 f5 29. Qc3 Qxc3 30. Nxc3 f4 31. f3 Nxf3 32. Rxd7 Nxh2+ 33. Kf2 Rxd7
34. Rxd7 Bxd7 35. Kg2 f3+ 36. Kxh2 fxe2 37. Nxe2 Be6 38. Nc3 Bxc4 0-1

[Event "3º Open de Lisboa "]
[Site "Altis Park Hotel - Rua Eng.º A"]
[Date "2015.08.08"]
[Round "2.14"]
[White "BRUNIER, Jules"]
[Black "ADÃO, David Jaime Changani"]
[Result "1/2-1/2"]
[WhiteElo "2029"]
[BlackElo "1788"]
[PlyCount "78"]
[EventDate "2015.08.08"]

1. e4 e5 2. Nf3 Nc6 3. Bc4 h6 4. c3 Nf6 5. d3 d6 6. O-O Be7 7. Nbd2 a6 8. Bb3
O-O 9. Re1 Bg4 10. Nf1 Na5 11. Bc2 Rb8 12. h3 Be6 13. d4 exd4 14. cxd4 Re8 15.
Ne3 d5 16. e5 Ne4 17. Nxd5 Bxd5 18. Bxe4 Bxe4 19. Rxe4 Qd5 20. Qe2 c5 21. dxc5
Nc6 22. b4 Rbd8 23. Bf4 Qd3 24. Qxd3 Rxd3 25. Re3 Nxb4 26. Rb1 Bxc5 27. Re4 a5
28. Bd2 Ra3 29. Bxb4 axb4 30. Rb2 Rd8 31. e6 fxe6 32. Rxe6 Rd1+ 33. Re1 Rd8 34.
Kf1 b6 35. Ne5 Rda8 36. Ree2 b3 37. Rxb3 Rxa2 38. Rxa2 Rxa2 39. Nd3 Kf7 1/2-1/2

[Event "3º Open de Lisboa "]
[Site "Altis Park Hotel - Rua Eng.º A"]
[Date "2015.08.08"]
[Round "2.15"]
[White "SOUSA, Tadeu Filipe Leonard"]
[Black "CRACIUN, Ion"]
[Result "1/2-1/2"]
[WhiteElo "1799"]
[BlackElo "2025"]
[PlyCount "69"]
[EventDate "2015.08.08"]

1. e4 e5 2. Nf3 Nc6 3. Bb5 a6 4. Ba4 Nf6 5. Qe2 b5 6. Bb3 Be7 7. O-O O-O 8. c3
d6 9. Rd1 Na5 10. Bc2 c5 11. d4 Qc7 12. dxe5 dxe5 13. Bg5 Be6 14. Nbd2 Nc4 15.
Bxf6 Bxf6 16. Nxc4 Bxc4 17. Bd3 Be6 18. Nd2 Rfd8 19. a4 c4 20. Bc2 Be7 21. Nf1
b4 22. cxb4 Bxb4 23. Rac1 Rxd1 24. Rxd1 Rd8 25. Ne3 Rxd1+ 26. Qxd1 Qd6 27. Qxd6
Bxd6 28. Bd1 Bc5 29. Be2 Bxe3 30. fxe3 Kf8 31. Kf2 Ke7 32. Ke1 Kd6 33. Kd2 a5
34. Kc3 Kc5 35. h3 1/2-1/2

[Event "3º Open de Lisboa "]
[Site "Altis Park Hotel - Rua Eng.º A"]
[Date "2015.08.08"]
[Round "2.16"]
[White "MORAIS, Vitor Mestre"]
[Black "ALMEIDA, Diogo António"]
[Result "1/2-1/2"]
[WhiteElo "2017"]
[BlackElo "1346"]
[PlyCount "71"]
[EventDate "2015.08.08"]

1. d4 Nf6 2. c4 e6 3. Nf3 d5 4. g3 Bb4+ 5. Bd2 Bxd2+ 6. Qxd2 O-O 7. Qc2 Bd7 8.
Bg2 Nc6 9. O-O Rc8 10. Nbd2 Qe7 11. a3 Rfd8 12. e4 dxe4 13. Nxe4 Be8 14. Nxf6+
Qxf6 15. Rfd1 Nxd4 16. Nxd4 Rxd4 17. Rxd4 Qxd4 18. Bxb7 Rb8 19. Rd1 Qf6 20. Qe4
Qxb2 21. Bc6 Qxa3 22. Bxe8 Rxe8 23. Qc6 Rf8 24. Qxc7 a5 25. c5 Qb3 26. Rd8 Qb1+
27. Kg2 Qe4+ 28. f3 Qe2+ 29. Kh3 Qf1+ 30. Kh4 Qc4+ 31. f4 g6 32. Qxa5 Qe2 33.
Rxf8+ Kxf8 34. Qd8+ Kg7 35. Qd4+ Kh6 36. Kh3 1/2-1/2

[Event "3º Open de Lisboa "]
[Site "Altis Park Hotel - Rua Eng.º A"]
[Date "2015.08.08"]
[Round "2.17"]
[White "MARTINS, José Carlos Caetano"]
[Black "FERREIRA, Carlos André Santos"]
[Result "0-1"]
[WhiteElo "1097"]
[BlackElo "2013"]
[PlyCount "50"]
[EventDate "2015.08.08"]

1. e4 Nf6 2. Nc3 d5 3. exd5 Nxd5 4. Nxd5 Qxd5 5. Nf3 Bg4 6. Be2 e5 7. d3 Nc6 8.
O-O Be7 9. Be3 O-O 10. c4 Qd6 11. Rc1 Qg6 12. Kh1 Rad8 13. Qd2 e4 14. Ne1 Bxe2
15. Qxe2 exd3 16. Qd2 Bb4 17. Rc3 Ne5 18. a3 Nxc4 19. Qd1 Bxc3 20. bxc3 d2 21.
Nf3 Nb2 22. Qe2 d1=Q 23. Rxd1 Rxd1+ 24. Ne1 Qd3 25. Qxd1 Qf1# 0-1

[Event "3º Open de Lisboa "]
[Site "Altis Park Hotel - Rua Eng.º A"]
[Date "2015.08.08"]
[Round "2.18"]
[White "MARTINS, Bruno André Leite"]
[Black "PRATA, José Miguel Mendes"]
[Result "1/2-1/2"]
[WhiteElo "1703"]
[BlackElo "2003"]
[PlyCount "73"]
[EventDate "2015.08.08"]

1. e4 e6 2. d4 d5 3. Nd2 c5 4. c3 Nc6 5. Ngf3 cxd4 6. cxd4 dxe4 7. Nxe4 Be7 8.
Bb5 Bd7 9. O-O a6 10. Ba4 Nf6 11. Nxf6+ Bxf6 12. Be3 O-O 13. a3 b5 14. Bc2 g6
15. Qd2 Ne7 16. Bg5 Nd5 17. Bxf6 Qxf6 18. Be4 Rad8 19. Bxd5 exd5 20. Ne5 Be6
21. Rac1 Rc8 22. Rxc8 Rxc8 23. Rc1 Rxc1+ 24. Qxc1 Qf5 25. Qd1 Qe4 26. h3 h5 27.
Qd2 Kg7 28. Nc6 Qb1+ 29. Kh2 Qf5 30. Qe3 Kh7 31. Nd8 g5 32. Nb7 Qf6 33. Nc5 a5
34. Nxe6 fxe6 35. Qd3+ Kh6 36. Qxb5 Qxd4 37. Qe8 1/2-1/2

[Event "3º Open de Lisboa "]
[Site "Altis Park Hotel - Rua Eng.º A"]
[Date "2015.08.08"]
[Round "2.20"]
[White "FORTUNATO, António Eduardo Con"]
[Black "SANTOS, José Luis Machado Al"]
[Result "0-1"]
[WhiteElo "1642"]
[BlackElo "2205"]
[PlyCount "40"]
[EventDate "2015.08.08"]

1. e4 b6 2. d4 Bb7 3. d5 e6 4. c4 exd5 5. cxd5 Nf6 6. Nc3 Bb4 7. Bd3 Qe7 8. Qc2
Bxd5 9. f3 Bb7 10. Bg5 h6 11. Bh4 Bxc3+ 12. bxc3 d5 13. Ne2 dxe4 14. fxe4 Nbd7
15. Bxf6 Qxf6 16. Ng3 O-O-O 17. O-O-O Nc5 18. Rhf1 Qg5+ 19. Kb2 Nxd3+ 20. Rxd3
Qb5+ 0-1

[Event "3º Open de Lisboa "]
[Site "Altis Park Hotel - Rua Eng.º A"]
[Date "2015.08.08"]
[Round "2.21"]
[White "REIS, Luís De Sousa Almeid"]
[Black "NOGUEIRA, Diana Sofia Cunha"]
[Result "1-0"]
[WhiteElo "2196"]
[BlackElo "1691"]
[PlyCount "57"]
[EventDate "2015.08.08"]

1. e4 e5 2. Bc4 Nf6 3. d3 Nc6 4. a3 Be7 5. Nc3 d6 6. f4 b6 7. Nf3 Bb7 8. O-O
exf4 9. Bxf4 O-O 10. h3 h6 11. Qd2 Kh7 12. Rf2 Ng8 13. d4 Bf6 14. Nd5 Nce7 15.
Nc3 Ng6 16. Be3 Qd7 17. Bd3 Rad8 18. Raf1 c6 19. Ne2 Bc8 20. Ng3 c5 21. c3 Qc7
22. Nh5 a6 23. b4 Rfe8 24. Nh2 Rf8 25. Nxf6+ Nxf6 26. Bxh6 gxh6 27. Rxf6 Qe7
28. h4 h5 29. Qg5 1-0

[Event "3º Open de Lisboa "]
[Site "Altis Park Hotel - Rua Eng.º A"]
[Date "2015.08.08"]
[Round "2.23"]
[White "ROXO, Agostinho José Gonça"]
[Black "LOPES, José Manuel Cidreiro"]
[Result "0-1"]
[WhiteElo "1882"]
[BlackElo "1641"]
[PlyCount "143"]
[EventDate "2015.08.08"]

1. c4 g6 2. d4 Bg7 3. Nc3 Nc6 4. d5 Ne5 5. e4 d6 6. f4 Nd7 7. Nf3 Nc5 8. Qc2
Bg4 9. Be2 Bxf3 10. Bxf3 e5 11. O-O h5 12. b4 Nd7 13. f5 g5 14. Be3 g4 15. Be2
Bh6 16. Qd2 Bxe3+ 17. Qxe3 Ngf6 18. c5 dxc5 19. bxc5 Qe7 20. Bb5 a6 21. Ba4 Kf8
22. c6 bxc6 23. Bxc6 Rb8 24. Rab1 Rxb1 25. Rxb1 Qc5 26. Qxc5+ Nxc5 27. Rb4 Ke7
28. Kf1 h4 29. Ba4 g3 30. h3 Nfd7 31. Rc4 Kd6 32. Bxd7 Nxd7 33. Rc6+ Ke7 34.
Rxc7 Rb8 35. Rc4 Rb2 36. Nd1 Rxa2 37. Ne3 Rd2 38. Ke1 Rb2 39. Nc2 a5 40. Kd2
Rb1 41. Ra4 Rb5 42. Na3 Rb2+ 43. Nc2 Nc5 44. Rc4 Kd6 45. Kc3 Rb3+ 46. Kd2 a4
47. Rb4 Rd3+ 48. Kc1 a3 49. Kb1 Rd1+ 50. Ka2 Rg1 51. Ne3 Re1 52. Nc4+ Ke7 53.
Nxe5 Re2+ 54. Kxa3 Rxg2 55. Rc4 f6 56. Ng6+ Kd6 57. Nxh4 Re2 58. Ng6 Nxe4 59.
Rc1 Re3+ 60. Kb4 Nf2 61. Rg1 Nxh3 62. Rg2 Kxd5 63. Kb5 Ke4 64. Nh4 Nf4 65. Rg1
Ne2 66. Rf1 Nd4+ 67. Kc4 Nf3 68. Nxf3 Rxf3 69. Rb1 Kxf5 70. Kd4 Kg4 71. Rh1 g2
72. Rg1 0-1

[Event "3º Open de Lisboa "]
[Site "Altis Park Hotel - Rua Eng.º A"]
[Date "2015.08.08"]
[Round "2.25"]
[White "ROCHA, Manuel Fernando Teix"]
[Black "MARTINS, Abílio Morgado"]
[Result "1-0"]
[WhiteElo "1827"]
[BlackElo "1524"]
[PlyCount "59"]
[EventDate "2015.08.08"]

1. e4 c5 2. Nf3 e6 3. d4 cxd4 4. Nxd4 Nf6 5. Bd3 a6 6. O-O Be7 7. Nc3 O-O 8. e5
Ne8 9. Qe2 f5 10. f4 g6 11. Be3 Nc6 12. Nb3 b5 13. a3 d5 14. exd6 Nxd6 15. Rad1
Qe8 16. Bc5 Nb7 17. Bxe7 Qxe7 18. Qe3 Re8 19. Qb6 Nb8 20. Rfe1 Qd8 21. Qe3 Bd7
22. Be2 Qc7 23. Bf3 Bc6 24. Nd4 Bxf3 25. Qxf3 Qb6 26. Kh1 Ra7 27. Nd5 Qd8 28.
Nxe6 Rxe6 29. Rxe6 Nc5 30. Nf6+ 1-0

[Event "3º Open de Lisboa "]
[Site "Altis Park Hotel - Rua Eng.º A"]
[Date "2015.08.08"]
[Round "2.26"]
[White "GUERREIRO, Hélder Campos"]
[Black "MENDES, Modeste"]
[Result "0-1"]
[WhiteElo "1495"]
[BlackElo "1816"]
[PlyCount "68"]
[EventDate "2015.08.08"]

1. d4 c5 2. d5 Nf6 3. Nc3 g6 4. e4 d6 5. Nf3 Bg7 6. Bd3 O-O 7. O-O Nbd7 8. Bf4
a6 9. Re1 b5 10. e5 Nh5 11. Bg3 Nxg3 12. fxg3 Nxe5 13. Be2 Ng4 14. Bf1 c4 15.
Nd4 Qb6 16. Re4 f5 17. Rf4 Be5 18. Nce2 Bxf4 19. Nxf4 Ne3 20. Qd2 Nxc2 21. Rd1
Qxd4+ 22. Qxd4 Nxd4 23. Rxd4 Bd7 24. Be2 Rfc8 25. Bf3 g5 26. Ne6 Bxe6 27. dxe6
Ra7 28. Bh5 c3 29. bxc3 Rxc3 30. h3 Rac7 31. Kh2 Re3 32. Bf7+ Kg7 33. Rd2 Rc1
34. g4 f4 0-1

[Event "3º Open de Lisboa "]
[Site "Altis Park Hotel - Rua Eng.º A"]
[Date "2015.08.08"]
[Round "2.27"]
[White "ELIAS, Ruben Joel Monteiro"]
[Black "MOUQUINHO, José F Borralho"]
[Result "1-0"]
[WhiteElo "1812"]
[BlackElo "1510"]
[PlyCount "42"]
[EventDate "2015.08.08"]

1. e4 e5 2. Nf3 Nc6 3. d4 exd4 4. Nxd4 Nge7 5. Bc4 g6 6. O-O Bg7 7. Be3 O-O 8.
Nc3 d6 9. Qd2 Re8 10. Rad1 Ne5 11. Be2 N7c6 12. Rfe1 Bd7 13. f4 Nxd4 14. Bxd4
Nc6 15. Bxg7 Kxg7 16. e5 Re7 17. exd6 cxd6 18. Qxd6 Qb6+ 19. Kh1 Be6 20. Bf3
Rd8 21. Qa3 Rxd1 1-0